[Event "4WCHLG Semifinal (A)"]
[Site "?"]
[Date "2002.02.01"]
[Round "?"]
[White "Kotsier David Alexander"]
[Black "Perez Giorgio"]
[Result "1-0"]
[WhiteElo "2440"]
[BlackElo "2280"]
[PlyCount "43"]
[EventDate "2002.??.??"]
[Source "www.chesslib.no"]
[SourceDate "2004.05.04"]

1. e4 e5 2. Nf3 f5 3. Nxe5 Qf6 4. Nc4 fxe4 5. Nc3 Qf7 6. Ne3 c6 7. d3 exd3 8. Bxd3 Bb4 9. O-O Nf6 10. Ng4 d5 11. Re1+ Kd8 12. Ne5 Qf8 13. a3 Bxc3 14. bxc3 Nbd7 15. Qe2 Nc5 16. Be3 Kc7 17. c4 Nxd3 18. cxd3 dxc4 19. Bf4 Kd8 20. dxc4 Bf5 21. Qd2+ Kc8 22. Nxc6 1-0

[Event "1 WK Latvian Gambit"]
[Site "?"]
[Date "1995.??.??"]
[Round "?"]
[White "Sireta, Bertrand"]
[Black "Stamer, Wolfgang"]
[Result "1-0"]
[WhiteElo "2315"]
[BlackElo "2400"]
[PlyCount "37"]
[EventDate "1995.??.??"]
[Source "www.chesslib.no"]
[SourceDate "2004.05.04"]

1. e4 e5 2. Nf3 f5 3. d4 fxe4 4. Nxe5 Nf6 5. Bg5 d6 6. Nd2 dxe5 7. dxe5 Qd5 8. exf6 Qxg5 9. Nxe4 Qe5 10. f7+ Ke7 11. Bd3 Nc6 12. O-O Be6 13. Re1 Rd8 14. h4 Qd5 15. Ng5 Rd6 16. c4 Qd4 17. Re4 Qb6 18. Rc1 Qa6 19. c5 1-0

[Event "Giessen Open"]
[Site "?"]
[Date "1997.??.??"]
[Round "4"]
[White "Ginsburg Gennadij"]
[Black "Feicht Arno"]
[Result "1-0"]
[WhiteElo "2485"]
[BlackElo "2230"]
[PlyCount "81"]
[EventDate "1997.??.??"]
[Source "www.chesslib.no"]
[SourceDate "2004.05.04"]

1. e4 e5 2. Nf3 f5 3. Nxe5 Nc6 4. d4 fxe4 5. Nxc6 bxc6 6. Qh5+ g6 7. Qe5+ Kf7 8. Qxe4 d5 9. Qd3 Nf6 10. Be3 Rb8 11. Qd1 Rxb2 12. Bd3 Bd6 13. h3 Qe7 14. O-O c5 15. Re1 Re8 16. dxc5 Bxc5 17. Nc3 Bxe3 18. Rxe3 Be6 19. Na4 Rbb8 20. c4 c6 21. Qc2 Qb4 22. a3 Qd6 23. Rae1 Kg7 24. cxd5 Bxd5 25. Nc5 Rxe3 26. fxe3 Qe5 27. e4 Rb2 28. Qc1 Bf7 29. Qe3 g5 30. Bb1 Bc4 31. Nd3 Bxd3 32. Bxd3 c5 33. Rf1 Qd4 34. Qxd4 cxd4 35. Rf5 h6 36. e5 Nd5 37. e6 Nf6 38. e7 Rb8 39. Bb5 Ne8 40. a4 Nd6 41. Rd5 1-0

[Event "Mid-America Class Open"]
[Site "Chicago, IL USA"]
[Date "1995.??.??"]
[Round "4"]
[White "Bisguier, Arthur B"]
[Black "Karklins, Andrew"]
[Result "0-1"]
[WhiteElo "2370"]
[BlackElo "2340"]
[PlyCount "58"]
[EventDate "1995.??.??"]
[Source "www.chesslib.no"]
[SourceDate "2004.05.04"]

1. e4 e5 2. Nf3 f5 3. exf5 d6 4. d4 e4 5. Ng5 Bxf5 6. f3 e3 7. f4 Nc6 8. d5 Nb4 9. Na3 Qe7 10. c3 e2 11. Bxe2 Nd3+ 12. Kf1 Nxc1 13. Rxc1 Nf6 14. Bb5+ c6 15. Qd4 Qd7 16. Re1+ Be7 17. Bc4 c5 18. Qe3 a6 19. h3 b5 20. Nxb5 axb5 21. Bd3 Nxd5 22. Qf3 Bxd3+ 23. Qxd3 Nxf4 24. Qe4 Ra4 25. b4 Rf8 26. Nxh7 Rf7 27. Kg1 Rxa2 28. Rh2 Kd8 29. g3 Nxh3+ 0-1

[Event "4WCHLG Semifinal (A)"]
[Site "?"]
[Date "2002.02.01"]
[Round "?"]
[White "Delgado Comerma Ramón"]
[Black "Kotsier David Alexander"]
[Result "1/2-1/2"]
[WhiteElo "2270"]
[BlackElo "2440"]
[PlyCount "32"]
[EventDate "2002.??.??"]
[Source "www.chesslib.no"]
[SourceDate "2004.05.04"]

1. e4 e5 2. Nf3 f5 3. Nxe5 Qf6 4. Nc4 fxe4 5. Nc3 Qf7 6. Ne3 c6 7. d3 exd3 8. Bxd3 d5 9. O-O Be6 10. Re1 Ne7 11. Ne2 Nd7 12. Nd4 O-O-O 13. Nf1 Nc5 14. Nxe6 Nxe6 15. Qg4 Rd6 16. c4 h5 1/2-1/2

[Event "4WCHLG Semifinal (A)"]
[Site "?"]
[Date "2002.02.01"]
[Round "?"]
[White "Kotsier David Alexander"]
[Black "Delgado Comerma Ramón"]
[Result "1/2-1/2"]
[WhiteElo "2440"]
[BlackElo "2270"]
[PlyCount "29"]
[EventDate "2002.??.??"]
[Source "www.chesslib.no"]
[SourceDate "2004.05.04"]

1. e4 e5 2. Nf3 f5 3. Nxe5 Qf6 4. Nc4 fxe4 5. Nc3 Qf7 6. Ne3 c6 7. d3 exd3 8. Bxd3 d5 9. O-O Bd6 10. Re1 Ne7 11. Nexd5 cxd5 12. Nb5 O-O 13. Nxd6 Qxf2+ 14. Kh1 Bg4 15. Qd2 1/2-1/2

[Event "4WCHLG Final"]
[Site "?"]
[Date "2002.12.01"]
[Round "?"]
[White "Fredriksen Arild"]
[Black "Elburg John"]
[Result "1-0"]
[WhiteElo "2348"]
[BlackElo "2356"]
[PlyCount "70"]
[EventDate "2002.??.??"]
[Source "www.chesslib.no"]
[SourceDate "2004.05.04"]

1. e4 e5 2. Nf3 f5 3. Nxe5 Qf6 4. d4 d6 5. Nc4 fxe4 6. Nc3 Qg6 7. f3 exf3 8. Qxf3 Be7 9. Bd3 Qg4 10. O-O Qxf3 11. Rxf3 Nf6 12. Ne3 O-O 13. Ned5 Bd8 14. Bg5 Nbd7 15. Re1 c6 16. Ne7+ Kh8 17. Bf5 Bxe7 18. Rxe7 h6 19. Ne4 Nxe4 20. Bxe4 Rxf3 21. gxf3 Kg8 22. Bf4 Nf6 23. Bxd6 Bd7 24. Bg6 Rd8 25. Bc7 Rf8 26. Be5 Rd8 27. b4 Kf8 28. Bd6 Kg8 29. Bf7+ Kh8 30. Be5 Bc8 31. Bb3 h5 32. c4 a6 33. h4 b5 34. Rc7 Bd7 35. Kf2 Rc8 1-0

[Event "4WCHLG Final"]
[Site "?"]
[Date "2002.12.01"]
[Round "?"]
[White "Elburg John"]
[Black "Fredriksen Arild"]
[Result "1/2-1/2"]
[WhiteElo "2356"]
[BlackElo "2348"]
[PlyCount "78"]
[EventDate "2002.??.??"]
[Source "www.chesslib.no"]
[SourceDate "2004.05.04"]

1. e4 e5 2. Nf3 f5 3. Nxe5 Qf6 4. d4 d6 5. Nc4 fxe4 6. Nc3 Qf7 7. Be2 Nf6 8. Bg5 Nbd7 9. Nb5 Nd5 10. Ne3 N7f6 11. Bc4 Be6 12. Bxf6 Nxe3 13. Bxe6 Nxd1 14. Bxf7+ Kxf7 15. Kxd1 gxf6 16. Nxc7 Rc8 17. Nd5 Bh6 18. g3 Ke6 19. Ne3 f5 20. Re1 Rhf8 21. c3 Kd7 22. Ke2 Rf7 23. Ng2 f4 24. Nxf4 Bxf4 25. gxf4 Rxf4 26. Rg1 Kc6 27. c4 Rcf8 28. Raf1 Rh4 29. Rg2 a6 30. b3 Rf7 31. Rh1 Rhf4 32. h4 b5 33. Rh3 bxc4 34. bxc4 d5 35. Rc3 Rf3 36. Rc2 dxc4 37. Rxc4+ Kd5 38. Ra4 h6 39. Rxa6 Rc7 1/2-1/2

[Event "Corr"]
[Site "?"]
[Date "2002.03.01"]
[Round "?"]
[White "Downey Michael S"]
[Black "Bartsch Marius"]
[Result "1/2-1/2"]
[WhiteElo "2372"]
[BlackElo "2329"]
[PlyCount "97"]
[EventDate "2002.??.??"]
[Source "www.chesslib.no"]
[SourceDate "2004.05.04"]

1. e4 e5 2. Nf3 f5 3. exf5 e4 4. Nd4 Qf6 5. c3 Nc6 6. Nxc6 dxc6 7. Qh5+ g6 8. fxg6 hxg6 9. Qe2 Ne7 10. Qxe4 Bf5 11. Qf3 O-O-O 12. Be2 Nd5 13. g4 Be6 14. Qxf6 Nxf6 15. g5 Ng4 16. d3 Bc5 17. d4 Rde8 18. Bxg4 Bxg4+ 19. Be3 Bd6 20. Kd2 Bf3 21. Re1 Rxh2 22. Kc2 Be4+ 23. Kb3 a5 24. a4 Bd5+ 25. c4 Bb4 26. Nc3 Bf3 27. Rac1 Rh4 28. Rg1 b6 29. Rc2 Rf8 30. Rd2 Rf5 31. Rd3 Rh3 32. Kc2 Kb7 33. b3 Rh2 34. Rd2 Rf7 35. Kb2 Rh8 36. Rd3 Rh4 37. Na2 Bf8 38. Rd2 Bg7 39. Nc3 Rd7 40. Rg3 Bh5 41. f4 Bg4 42. Ne4 Bf5 43. Nf6 Bxf6 44. gxf6 Rf7 45. Bf2 Rh1 46. Rg1 Rxg1 47. Bxg1 Rxf6 48. Be3 Re6 49. Re2 1/2-1/2

[Event "Corr"]
[Site "?"]
[Date "2002.03.01"]
[Round "?"]
[White "Bartsch Marius"]
[Black "Downey Michael S"]
[Result "1-0"]
[WhiteElo "2329"]
[BlackElo "2372"]
[PlyCount "113"]
[EventDate "2002.??.??"]
[Source "www.chesslib.no"]
[SourceDate "2004.05.04"]

1. e4 e5 2. Nf3 f5 3. Nxe5 Qf6 4. Nc4 fxe4 5. Nc3 Qf7 6. Ne3 Nf6 7. Bc4 Qg6 8. d3 Bb4 9. O-O Bxc3 10. bxc3 Kd8 11. f4 d6 12. f5 Qe8 13. Nd5 Nbd7 14. Re1 Ne5 15. Bg5 Rf8 16. Nxf6 gxf6 17. Bh6 Nxc4 18. Bxf8 Ne5 19. Bg7 Qf7 20. d4 Nc6 21. Qg4 Ne7 22. Rxe4 Bxf5 23. Rxe7 Qxe7 24. Qxf5 Qxg7 25. Re1 Qg6 26. Qd5 Rb8 27. c4 f5 28. Re6 Qg5 29. Re5 Qc1+ 30. Kf2 Qd2+ 31. Kf3 Kd7 32. Re2 Qc3+ 33. Kf2 Rf8 34. c5 Kd8 35. cxd6 Qb4 36. dxc7+ Kxc7 37. Qe5+ Kc8 38. Qe6+ Kb8 39. c3 Qa3 40. Qe5+ Kc8 41. Qe7 Qxe7 42. Rxe7 h6 43. Re6 Rh8 44. Rf6 Kd7 45. Rxf5 Rc8 46. Rf7+ Ke6 47. Rxb7 Rxc3 48. Rxa7 Kd5 49. Ra6 h5 50. Ra5+ Kxd4 51. Rxh5 Ra3 52. Rf5 Rxa2+ 53. Kf3 Ra3+ 54. Kf4 Ra2 55. h4 Rf2+ 56. Kg5 Rxg2+ 57. Kf6 1-0

[Event "4WCHLG prelims (G)"]
[Site "?"]
[Date "2001.04.01"]
[Round "?"]
[White "Fredriksen Arild"]
[Black "Johnsrud Jeffory"]
[Result "1-0"]
[WhiteElo "2300"]
[BlackElo "2400"]
[PlyCount "41"]
[EventDate "2001.??.??"]
[Source "www.chesslib.no"]
[SourceDate "2004.05.04"]

1. e4 e5 2. Nf3 f5 3. Nxe5 Qf6 4. Nc4 fxe4 5. Nc3 Qf7 6. Ne3 c6 7. Nxe4 d5 8. Ng5 Qf6 9. Nf3 Bd6 10. d4 Ne7 11. c4 O-O 12. Qb3 dxc4 13. Nxc4 Nd5 14. Nxd6 Qxd6 15. Bd3 Re8+ 16. Be3 Be6 17. Qc2 g6 18. Bxg6 Qb4+ 19. Nd2 hxg6 20. Qxg6+ Kf8 21. O-O 1-0

[Event "4WCHLG Semifinal (C)"]
[Site "?"]
[Date "2002.02.01"]
[Round "?"]
[White "Fredriksen Arild"]
[Black "Johnsrud Jeffory"]
[Result "1-0"]
[WhiteElo "2300"]
[BlackElo "2400"]
[PlyCount "67"]
[EventDate "2002.??.??"]
[Source "www.chesslib.no"]
[SourceDate "2004.05.04"]

1. e4 e5 2. Nf3 f5 3. Nxe5 Qf6 4. d4 d6 5. Nc4 fxe4 6. Be2 Qd8 7. O-O Nf6 8. Bg5 Be7 9. Ne3 O-O 10. Nd2 d5 11. c4 dxc4 12. Bxc4+ Kh8 13. d5 Nbd7 14. Qc2 Nb6 15. Bxf6 Bxf6 16. Nxe4 Be5 17. Rad1 Qh4 18. g3 Qe7 19. b3 Nxc4 20. bxc4 Bh3 21. Rfe1 Rae8 22. c5 Bf6 23. f3 Qf7 24. d6 Bd8 25. f4 Be6 26. Qb2 b6 27. c6 Qg6 28. Qc2 Bxa2 29. d7 Re7 30. Ng5 Rxe3 31. Qxa2 Rxe1+ 32. Rxe1 Bxg5 33. fxg5 Qd6 34. Qe6 1-0

[Event "4WCHLG prelims (G)"]
[Site "?"]
[Date "2001.04.01"]
[Round "?"]
[White "Johnsrud Jeffory"]
[Black "Fredriksen Arild"]
[Result "1/2-1/2"]
[WhiteElo "2400"]
[BlackElo "2300"]
[PlyCount "82"]
[EventDate "2001.??.??"]
[Source "www.chesslib.no"]
[SourceDate "2004.05.04"]

1. e4 e5 2. Nf3 f5 3. Nxe5 Qf6 4. d4 d6 5. Nc4 fxe4 6. Be2 Qd8 7. O-O Nf6 8. f3 d5 9. Ne5 Nbd7 10. Nc3 c6 11. Nxd7 Qxd7 12. fxe4 dxe4 13. Bh5+ Kd8 14. Bg5 Be7 15. Kh1 Qe6 16. Qe2 Nxh5 17. Qxh5 g6 18. Qh6 Bxg5 19. Qxg5+ Qe7 20. Qxe7+ Kxe7 21. Rae1 Bf5 22. Nxe4 Bxe4 23. Rxe4+ Kd6 24. Rf6+ Kd5 25. Rfe6 Rhf8 26. Kg1 Rf5 27. b3 b5 28. g4 Rf3 29. c4+ bxc4 30. R6e5+ Kd6 31. bxc4 Rd8 32. g5 Rd3 33. Ra5 Rf8 34. Ra4 Rf5 35. h4 a5 36. Kg2 Rd2+ 37. Kg3 Rd3+ 38. Kg4 Rf2 39. c5+ Kd7 40. Re1 Rfd2 41. Rf1 Rxd4+ 1/2-1/2

[Event "Pappier Memorial C"]
[Site "?"]
[Date "1999.??.??"]
[Round "2"]
[White "Colombo Berra Fernando"]
[Black "Acedo Hector Oscar"]
[Result "1-0"]
[WhiteElo "2335"]
[BlackElo "2365"]
[PlyCount "45"]
[EventDate "1999.??.??"]
[Source "www.chesslib.no"]
[SourceDate "2004.05.04"]

1. e4 e5 2. Nf3 f5 3. Nxe5 Qf6 4. Nc4 fxe4 5. Nc3 Qf7 6. Ne3 c6 7. d3 exd3 8. Bxd3 d5 9. O-O Bd6 10. Re1 Ne7 11. Nc4 Bc5 12. Be3 Bb4 13. Ne5 Qf6 14. Qh5+ g6 15. Qh6 Ng8 16. Nxg6 Kd7 17. Qh3+ Kc7 18. Qg3+ Bd6 19. Nf4 Ne7 20. Bd4 Qxd4 21. Rxe7+ Kd8 22. Rxh7 Rxh7 23. Qg8+ 1-0

[Event "4WCHLG Semifinal (C)"]
[Site "?"]
[Date "2002.02.01"]
[Round "?"]
[White "Johnsrud Jeffory"]
[Black "Fredriksen Arild"]
[Result "0-1"]
[WhiteElo "2400"]
[BlackElo "2300"]
[PlyCount "74"]
[EventDate "2002.??.??"]
[Source "www.chesslib.no"]
[SourceDate "2004.05.04"]

1. e4 e5 2. Nf3 f5 3. Nxe5 Qf6 4. Nc4 fxe4 5. Nc3 Qf7 6. Ne3 c6 7. d3 exd3 8. Bxd3 d5 9. O-O Bc5 10. Na4 Be7 11. c4 Nf6 12. cxd5 Nxd5 13. Nxd5 cxd5 14. Nc3 Be6 15. Qb3 Bf6 16. Qc2 Nc6 17. Re1 Be5 18. Nb5 O-O 19. f4 Bb8 20. Bxh7+ Kh8 21. Bg6 Qf6 22. Bd2 a6 23. Nc3 Ba7+ 24. Kh1 Rad8 25. Ne2 Bg4 26. Bd3 Rd6 27. Qb3 Qh4 28. Qa3 Rfd8 29. f5 Bb8 30. Bc2 Rh6 31. h3 Bxe2 32. Rxe2 Nd4 33. Rae1 Nxe2 34. Rxe2 Rc6 35. Qd3 Qg3 36. Qxg3 Bxg3 37. Bg5 d4 0-1

[Event "CZE-chT 9899"]
[Site "CZE"]
[Date "1999.??.??"]
[Round "7"]
[White "Nedela, Vlastimil"]
[Black "Zvara, Petr"]
[Result "1-0"]
[WhiteElo "2330"]
[BlackElo "2365"]
[PlyCount "67"]
[EventDate "1998.??.??"]
[Source "www.chesslib.no"]
[SourceDate "2004.05.04"]

1. e4 e5 2. Nf3 f5 3. exf5 e4 4. Qe2 Qe7 5. Nd4 c5 6. Nb5 d5 7. N1c3 Nf6 8. g4 h6 9. d3 a6 10. dxe4 dxe4 11. Bf4 axb5 12. Nxb5 Na6 13. Nd6+ Qxd6 14. Bxd6 Bxd6 15. Rd1 Be5 16. Qb5+ Ke7 17. Be2 Rb8 18. O-O b6 19. c3 Nc7 20. Qb3 g6 21. f4 exf3 22. Bxf3 Re8 23. Bc6 gxf5 24. Rfe1 Ne4 25. gxf5 Be6 26. Qc2 Rg8+ 27. Kh1 Bxf5 28. Bxe4 Bg4 29. Rd2 Ne6 30. Bg2 Rg5 31. Qe4 Rbg8 32. Qb7+ Kf6 33. Rf2+ Bf5 34. Qd5 1-0

[Event "Dieren Open"]
[Site "Dieren NED"]
[Date "1988.??.??"]
[Round "6"]
[White "Booij, Johan"]
[Black "Westerinen, Heikki M J"]
[Result "0-1"]
[WhiteElo "2295"]
[BlackElo "2395"]
[PlyCount "74"]
[EventDate "1988.??.??"]
[Source "www.chesslib.no"]
[SourceDate "2004.05.04"]

1. e4 e5 2. Nf3 f5 3. d4 fxe4 4. Nxe5 Nf6 5. Bg5 d6 6. Nc4 Bf5 7. Ne3 Bg6 8. Bc4 Nbd7 9. O-O c6 10. Bb3 Qc7 11. c4 Be7 12. Nc3 O-O 13. Bc2 Rae8 14. Qb1 Qb6 15. Rd1 Qa5 16. d5 Nxd5 17. Bxe7 Nxc3 18. bxc3 Rxe7 19. Qxb7 Qc5 20. Qb4 Ref7 21. Rd2 Ne5 22. Re1 Nd3 23. Bxd3 exd3 24. Qxc5 dxc5 25. Ng4 Rf4 26. Ne5 Re8 27. f3 Rxc4 28. Nxc4 Rxe1+ 29. Kf2 Rc1 30. Ne5 Rxc3 31. Ke3 c4 32. Rb2 Kf8 33. Rb4 Rc2 34. Nxc4 Re2+ 35. Kd4 d2 36. Nb2 Bc2 37. Rc4 d1=Q+ 0-1

[Event "Metz op"]
[Site "Metz"]
[Date "1997.??.??"]
[Round "4"]
[White "Korneev, Oleg"]
[Black "Senechaud, Dany"]
[Result "1-0"]
[WhiteElo "2590"]
[BlackElo "2100"]
[PlyCount "29"]
[EventDate "1997.??.??"]
[Source "www.chesslib.no"]
[SourceDate "2004.05.04"]

1. e4 e5 2. Nf3 f5 3. Nxe5 d6 4. Qh5+ g6 5. Nxg6 Nf6 6. Qh4 Nc6 7. Bb5 Rg8 8. Nxf8 Rg4 9. Qh3 Rxe4+ 10. Kd1 Ng4 11. Rf1 Qe7 12. d3 Nxf2+ 13. Rxf2 Re1+ 14. Kd2 Qg5+ 15. Kxe1 1-0

[Event "SWE-ch"]
[Site "Stockholm"]
[Date "1977.??.??"]
[Round "?"]
[White "Bengtsson, Bo"]
[Black "Ekstroem, Roland"]
[Result "1-0"]
[WhiteElo "2340"]
[BlackElo "2350"]
[PlyCount "82"]
[EventDate "1977.07.03"]
[Source "ChessBase"]

1. e4 e5 2. Nf3 f5 3. Nxe5 Qf6 4. d4 d6 5. Nc4 fxe4 6. Nc3 Qg6 7. Ne3 Nf6 8. Be2 c6 9. O-O Be7 10. f3 exf3 11. Bd3 Qh5 12. Qxf3 Qxf3 13. Rxf3 d5 14. Nf5 Bxf5 15. Bxf5 O-O 16. Bg5 Na6 17. Re1 Bd6 18. Re6 Rad8 19. Rh3 Nc7 20. Bxf6 gxf6 21. Bxh7+ Kg7 22. Ree3 Rh8 23. Bf5 c5 24. Ne2 b5 25. c3 a5 26. dxc5 Bxc5 27. Nd4 b4 28. Kf1 Bxd4 29. cxd4 Rxh3 30. Rxh3 Nb5 31. Rh4 Rh8 32. Rxh8 Kxh8 33. Be6 a4 34. Bxd5 Kg7 35. Kf2 Nxd4 36. Ke3 Nb5 37. Kd3 a3 38. bxa3 Nxa3 39. Kd4 f5 40. Ke5 Nc2 41. Kxf5 Ne3+ 1-0

[Event "Corr"]
[Site "?"]
[Date "2000.11.15"]
[Round "?"]
[White "Gentinetta Bruno"]
[Black "Koetsier David Alexander"]
[Result "1-0"]
[WhiteElo "2248"]
[BlackElo "2440"]
[PlyCount "61"]
[EventDate "2000.??.??"]
[Source "www.chesslib.no"]
[SourceDate "2004.05.04"]

1. e4 e5 2. Nf3 f5 3. exf5 e4 4. Ne5 Nf6 5. Be2 Be7 6. Bh5+ Kf8 7. Nc3 d6 8. Nf7 Qe8 9. g4 Nxh5 10. Nxh8 Nf6 11. g5 Bxf5 12. gxf6 Bxf6 13. Nd5 Bd8 14. Ne3 Bd7 15. O-O Kg8 16. f3 Bh3 17. Ng2 Bf6 18. fxe4 Bxg2 19. Kxg2 Qxe4+ 20. Qf3 Qxc2 21. Qxb7 Qc6+ 22. Qxc6 Nxc6 23. Rb1 Re8 24. b4 Re2+ 25. Rf2 Re1 26. Rf4 Nd4 27. d3 Re2+ 28. Rf2 Re1 29. Rf1 Re2+ 30. Kh1 Ne6 31. d4 1-0

[Event "Corr"]
[Site "?"]
[Date "2000.11.15"]
[Round "?"]
[White "Koetsier David Alexander"]
[Black "Gentinetta Bruno"]
[Result "1-0"]
[WhiteElo "2440"]
[BlackElo "2248"]
[PlyCount "39"]
[EventDate "2000.??.??"]
[Source "www.chesslib.no"]
[SourceDate "2004.05.04"]

1. e4 e5 2. Nf3 f5 3. Nxe5 Qf6 4. Nc4 fxe4 5. Nc3 Qf7 6. Ne3 Nf6 7. Bc4 Qg6 8. d3 Bb4 9. Bd2 Bxc3 10. Bxc3 Kd8 11. O-O d6 12. Nd5 exd3 13. Bxd3 Qg5 14. Nxf6 gxf6 15. Re1 Nd7 16. Qf3 a5 17. Qe4 Qg7 18. Re3 c6 19. Rae1 Qf8 20. Qd4 1-0

[Event "Julian Borowski-C 4th"]
[Site "Essen"]
[Date "2002.05.23"]
[Round "7"]
[White "Becker, Marcel"]
[Black "Heinzel, Olaf"]
[Result "1/2-1/2"]
[WhiteElo "2310"]
[BlackElo "2374"]
[PlyCount "86"]
[EventDate "2002.05.16"]
[Source "ChessBase"]
[SourceDate "2002.07.08"]

1. e4 e5 2. Nf3 f5 3. Nxe5 Qf6 4. Nc4 fxe4 5. Nc3 Qf7 6. Ne3 Nf6 7. Bc4 Qg6 8. d3 Nc6 9. Nxe4 Ne5 10. Nxf6+ gxf6 11. Qe2 c6 12. Bb3 Kd8 13. d4 Nf7 14. Bd2 b6 15. O-O-O a5 16. Rhe1 Nd6 17. a3 Nb5 18. Qg4 d5 19. Qxg6 hxg6 20. h3 Nd6 21. c4 Ne4 22. Re2 Ba6 23. Be1 Bh6 24. Rc2 dxc4 25. Bxc4 Kd7 26. Bxa6 Rxa6 27. Kb1 Bxe3 28. fxe3 Raa8 29. Rdc1 Rac8 30. a4 Kd6 31. b4 axb4 32. Bxb4+ Kd5 33. Ka2 Rh7 34. Kb3 Rb7 35. Rd1 f5 36. g4 Rh7 37. gxf5 gxf5 38. Rf1 Rh5 39. h4 Rg8 40. Be1 c5 41. dxc5 bxc5 42. a5 Rb8+ 43. Ka3 Kc6 1/2-1/2

[Event "Corr"]
[Site "?"]
[Date "2003.09.01"]
[Round "?"]
[White "Mayr Franz (AUT)"]
[Black "Eilmes Don P.(USA)"]
[Result "1-0"]
[WhiteElo "2381"]
[BlackElo "2302"]
[PlyCount "105"]
[EventDate "2003.??.??"]
[Source "www.chesslib.no"]
[SourceDate "2004.05.04"]

1. e4 e5 2. Nf3 f5 3. Nxe5 Qf6 4. Nc4 fxe4 5. Nc3 Qf7 6. Ne3 c6 7. Nxe4 d5 8. Ng5 Qf6 9. Nf3 Bd6 10. d4 Ne7 11. Bd3 O-O 12. h3 Ng6 13. Ng4 Bxg4 14. hxg4 Nd7 15. Kf1 Qe6 16. Bf5 Rxf5 17. gxf5 Qxf5 18. Qd3 Qxd3+ 19. cxd3 Bb4 20. g3 Rf8 21. Kg2 Re8 22. Bd2 Bxd2 23. Nxd2 Re2 24. Rad1 Ne7 25. Rhe1 Rxe1 26. Rxe1 Kf7 27. Nf3 Nf8 28. g4 Kf6 29. g5+ Kf7 30. Ne5+ Ke8 31. Kg3 Kd8 32. Kf4 a6 33. Rh1 Nc8 34. Ng4 Nd6 35. Ne3 Nb5 36. Nc2 Nd6 37. a4 Nf7 38. b4 Ke7 39. Kg4 h6 40. Re1+ Ne6 41. g6 Nd6 42. f4 Kd7 43. Rh1 Nc7 44. f5 Nde8 45. Kf4 Nf6 46. Na1 b6 47. Nb3 Kd6 48. Rc1 Nh5+ 49. Kf3 Ne8 50. a5 b5 51. Re1 Nc7 52. Nc5 Nf6 53. Nxa6 1-0

[Event "4. Pablo Gorbea Mem Open"]
[Site "?"]
[Date "2000.06.10"]
[Round "1"]
[White "Del Rio Angelis Salvador G"]
[Black "Suarez Luis A"]
[Result "1-0"]
[WhiteElo "2463"]
[BlackElo "2220"]
[PlyCount "61"]
[EventDate "2000.??.??"]
[Source "www.chesslib.no"]
[SourceDate "2004.05.04"]

1. e4 e5 2. Nf3 f5 3. Nxe5 Nc6 4. Nxc6 dxc6 5. e5 Be6 6. d4 Ne7 7. c3 Nd5 8. Nd2 Qd7 9. Nf3 h6 10. Bd3 g5 11. Bd2 Be7 12. Qa4 a6 13. Ng1 Nf4 14. Bxf4 gxf4 15. Ne2 f3 16. Nf4 fxg2 17. Rg1 Rg8 18. Nxe6 Qxe6 19. Bc4 Qg6 20. Bxg8 Qxg8 21. Qd1 O-O-O 22. Qf3 Qe6 23. Qxg2 c5 24. Qg6 Qd7 25. O-O-O Bg5+ 26. Kb1 Kb8 27. d5 c4 28. d6 Ka7 29. e6 Qb5 30. e7 Re8 31. Rxg5 1-0

[Event "Corr"]
[Site "?"]
[Date "2000.11.15"]
[Round "?"]
[White "Bartsch Marius"]
[Black "Downey Michael S"]
[Result "1-0"]
[WhiteElo "2309"]
[BlackElo "2372"]
[PlyCount "45"]
[EventDate "2000.??.??"]
[Source "www.chesslib.no"]
[SourceDate "2004.05.04"]

1. e4 e5 2. Nf3 f5 3. Nxe5 Qf6 4. Nc4 fxe4 5. Nc3 Qf7 6. Ne3 c6 7. d3 exd3 8. Bxd3 d5 9. O-O Bd6 10. Re1 Kf8 11. Nc4 dxc4 12. Bxc4 Qc7 13. Qf3+ Nf6 14. Ne4 Nbd7 15. Nxd6 Qxd6 16. Bf4 Qc5 17. Qd3 Nd5 18. Bxd5 cxd5 19. Qg3 Kf7 20. Bd6 Qd4 21. Re7+ Kg8 22. Rae1 g6 23. Re8+ 1-0

[Event "Corr"]
[Site "?"]
[Date "2000.11.15"]
[Round "?"]
[White "Downey Michael S"]
[Black "Bartsch Marius"]
[Result "1-0"]
[WhiteElo "2372"]
[BlackElo "2309"]
[PlyCount "39"]
[EventDate "2000.??.??"]
[Source "www.chesslib.no"]
[SourceDate "2004.05.04"]

1. e4 e5 2. Nf3 f5 3. Nxe5 Qf6 4. d4 d6 5. Nc4 fxe4 6. Nc3 Qg6 7. f3 exf3 8. Qxf3 Nc6 9. d5 Nb4 10. Ne3 Nf6 11. a3 Na6 12. Bb5+ Bd7 13. O-O Be7 14. Nf5 Bxb5 15. Qe3 Qf7 16. Nxb5 Kd8 17. c4 Re8 18. b4 Ng4 19. Qg3 Qg6 20. Bb2 1-0

[Event "Mar del Plata Open"]
[Site "Mar del Plata ARG"]
[Date "1990.??.??"]
[Round "?"]
[White "Servat, Roberto"]
[Black "Cristobal, Ruben"]
[Result "1-0"]
[WhiteElo "2455"]
[BlackElo "2225"]
[PlyCount "75"]
[EventDate "1990.??.??"]
[Source "www.chesslib.no"]
[SourceDate "2004.05.04"]

1. e4 e5 2. Nf3 f5 3. Nxe5 Nc6 4. Nxc6 dxc6 5. Bc4 Qh4 6. d3 Nf6 7. exf5 Bxf5 8. Qf3 Bg4 9. Qg3 Qxg3 10. hxg3 Bd6 11. O-O Kd7 12. Nc3 Bf5 13. Bf4 Rae8 14. Rfe1 h6 15. Rxe8 Rxe8 16. Bd2 Ng4 17. Re1 Bc5 18. Nd1 Rf8 19. Re2 Bd4 20. Bc3 c5 21. Bxd4 cxd4 22. f3 Nf6 23. Re5 Bg6 24. Nf2 c6 25. Ne4 b6 26. Be6+ Kd8 27. Nxf6 Rxf6 28. g4 Kc7 29. Bf5 Kd6 30. Re4 Bxf5 31. gxf5 Rxf5 32. Rxd4+ Ke7 33. Kf2 h5 34. Re4+ Kd7 35. d4 c5 36. Re5 Rf4 37. dxc5 Rc4 38. c3 1-0

[Event "Bucharest TICC"]
[Site "Bucharest ROM"]
[Date "1996.??.??"]
[Round "?"]
[White "Popescu, Gheorghe"]
[Black "Pessi, Emil"]
[Result "0-1"]
[WhiteElo "2325"]
[BlackElo "2355"]
[PlyCount "74"]
[EventDate "1996.??.??"]
[Source "www.chesslib.no"]
[SourceDate "2004.05.04"]

1. e4 e5 2. Nf3 f5 3. Nxe5 Nc6 4. Qh5+ g6 5. Nxg6 Nf6 6. Qh4 Rg8 7. Nxf8 Rg4 8. Qh6 Rxe4+ 9. Be2 Qe7 10. Nc3 Rxe2+ 11. Nxe2 Nd4 12. O-O Nxe2+ 13. Kh1 Nd4 14. c3 Nc6 15. Ng6 hxg6 16. Qxg6+ Qf7 17. Qxf5 d6 18. Re1+ Ne5 19. Qc2 Bh3 20. d4 O-O-O 21. f3 Nxf3 22. gxf3 Ng4 23. Qe2 Kb8 24. fxg4 a5 25. c4 Rg8 26. g5 a4 27. d5 Re8 28. Be3 b6 29. Qf2 Qg6 30. Bd4 Rg8 31. Re3 Bf5 32. Rae1 Qh5 33. Qxf5 Qh4 34. Re4 Qh5 35. Bf6 Rf8 36. Qf4 Qh3 37. R4e3 Qh5 0-1

[Event "Odorheiu Secuiesc Open"]
[Site "Odorheiu Secuiesc"]
[Date "1993.??.??"]
[Round "4"]
[White "Ghinda, Mihail-Viorel"]
[Black "Ionescu, Doru Alexandru"]
[Result "1-0"]
[WhiteElo "2450"]
[BlackElo "2225"]
[PlyCount "75"]
[EventDate "1993.05.??"]
[Source "www.chesslib.no"]
[SourceDate "2004.05.04"]

1. e4 e5 2. Nf3 f5 3. Nxe5 Qf6 4. d4 d6 5. Nc4 fxe4 6. Nc3 Qg6 7. f3 Nf6 8. fxe4 Be7 9. e5 Ng4 10. exd6 cxd6 11. Bd3 Qh5 12. Qf3 Rf8 13. Qd5 Qxd5 14. Nxd5 Nf2 15. O-O Nxd3 16. cxd3 Rxf1+ 17. Kxf1 Bf5 18. Ke2 Na6 19. Bf4 Rc8 20. Kd2 Be6 21. Re1 Bxd5 22. Nxd6+ Kd7 23. Rxe7+ Kxe7 24. Nxc8+ Kd7 25. Nxa7 Bxg2 26. a3 Nc7 27. Bxc7 Kxc7 28. Nb5+ Kc6 29. Nc3 g5 30. Ke3 h6 31. b4 Bh3 32. d5+ Kd6 33. Kd4 Bf1 34. Ne4+ Kc7 35. a4 Be2 36. a5 g4 37. b5 h5 38. b6+ 1-0